| 000 | 01504aam a2200313 4500 | ||
|---|---|---|---|
| 001 | 19288 | ||
| 003 | CO-MdFUSB | ||
| 005 | 20220625062548.0 | ||
| 008 | 170210t19951994enk||||f |||| 00| 0 eng d | ||
| 020 | _a0-19-826387-2 | ||
| 040 |
_aCO-MdFUSB _bspa _cCO-MdFUSB _dCO-MdFUSB _erda |
||
| 041 | _aeng | ||
| 082 |
_224 _aG 296.714 _bG653m |
||
| 100 | 1 |
_aGoodman, Martin, _eautor _d1953- |
|
| 245 | 1 | 0 |
_aMission and conversion _b: Proselytizing in the religious history of the Roman Empire _c/ Martin Goodman |
| 264 | 1 |
_aOxford, England : _bClarendon Press, _c℗1995 |
|
| 264 | 4 | _c©1994 | |
| 300 |
_axiv, 194 páginas _c; 22 cm |
||
| 336 |
_2rdacontent _a1 _ba1 |
||
| 337 |
_2rdamedia _a2 _b5 |
||
| 338 |
_2rdacarrier _a2 _b5 |
||
| 501 | _aIncluye índice (p. 189-194) | ||
| 504 | _aBibliografría (p. 175-188) | ||
| 505 | 0 | 1 | _aMisión y conversión: El proselitismo en la historia religiosa del imperio romano - El significado del proselitismo - La difusión de cultos y filosofías en el imperio romano pagano - El judaísmo antes de 100 CE: Actitudes al paganismo de los gentiles - El judaísmo antes de 100 CE: Prosélitos y proselitismo - Misión en la iglesia primitiva - El judaísmo en el período talmúdico: Actitudes al paganismo de los gentiles - El judaísmo en el período talmúdico: Prosélitos y proselitismo - Las consecuencias y orígenes del proselitismo. |
| 540 | _aRústico | ||
| 650 | 7 |
_aJudaísmo _xCostumbres y prácticas _2 _96882 |
|
| 942 | _cBK | ||
| 999 |
_c45654 _d45654 |
||